000 01520nam a2200373 a 4500
001 ebr10017245
003 CaPaEBR
006 m u
007 cr cn|||||||||
008 010815r19991932enk sb 001 0 eng
015 _aGBA1-46546
016 7 _a0415210100
_2Uk
020 _z0415210100
020 _z0415191327(series)
020 _z041521128X(sub-series)
040 _aCaPaEBR
_cCaPaEBR
035 _a(OCoLC)559440057
050 1 4 _aLB875
_b.T3 1999eb
082 0 4 _a370.1
_221
100 1 _aTaba, Hilda,
_d1902-1967.
245 1 4 _aThe dynamics of education
_h[electronic resource] :
_ba methodology of progressive educational thought /
_cHilda Taba ; introduction by William Heard Kilpatrick.
260 _aLondon :
_bRoutledge,
_c1999, c1932.
300 _axvi, 278 p.
490 1 _aThe international library of psychology. developmental psychology ;
_vv. 30
500 _aOriginally published: London : Kegan Paul, 1932.
504 _aIncludes index.
533 _aElectronic reproduction.
_bPalo Alto, Calif. :
_cebrary,
_d2013.
_nAvailable via World Wide Web.
_nAccess may be limited to ebrary affiliated libraries.
650 0 _aLearning, Psychology of.
650 0 _aEducation
_xPhilosophy.
655 7 _aElectronic books.
_2local
710 2 _aebrary, Inc.
830 0 _aInternational library of psychology.
_pDevelopmental psychology ;
_vv. 30.
856 4 0 _uhttp://site.ebrary.com/lib/rucke/Doc?id=10017245
_zAn electronic book accessible through the World Wide Web; click to view
999 _c12264
_d12264